Central Library OPAC University of Rajshahi

Microbiology : (Record no. 66403)

MARC details
000 -LEADER
fixed length control field 00928nam a2200265 a 4500
001 - CONTROL NUMBER
control field 66403
003 - CONTROL NUMBER IDENTIFIER
rucl marc code BD-RjUL
005 - DATE AND TIME OF LATEST TRANSACTION
control field 20211209081535.0
008 - FIXED-LENGTH DATA ELEMENTS--GENERAL INFORMATION
fixed length control field 170315s1950 nyuac b 001 0 eng d
035 ## - SYSTEM CONTROL NUMBER
System control number (BD-RjUL)66533
System control number (OCoLC)
040 ## - CATALOGING SOURCE
Original cataloging agency DLC
Transcribing agency FMU
Modifying agency MdU-H
-- Uk
-- CoU-M
-- DLC
-- (BD-RjUL)
Language of cataloging eng
041 ## - LANGUAGE CODE
Language code of text/sound track or separate title eng
082 ## - DEWEY DECIMAL CLASSIFICATION NUMBER
Edition number 23
Classification number 616.01
Author mark and year WIM 1950.
100 1# - MAIN ENTRY--PERSONAL NAME
Personal name Witton, Catherine Jones,
9 (RLIN) 196505
245 10 - TITLE STATEMENT
Title Microbiology :
Remainder of title with applications to nursing /
Statement of responsibility, etc. Catherine Jones Witton.
250 ## - EDITION STATEMENT
Edition statement 1st ed.
260 ## - PUBLICATION, DISTRIBUTION, ETC. (IMPRINT)
Place of publication, distribution, etc. New York :
Name of publisher, distributor, etc. McGraw-Hill,
Date of publication, distribution, etc. 1950.
300 ## - PHYSICAL DESCRIPTION
Pagination xiv, 692 p. :
Illustrations ill. ;
Size 24 cm.
490 0# - SERIES STATEMENT
Series statement McGraw-Hill series in nursing
500 ## - GENERAL NOTE
General note Supplemented by: "Laboratory manual for microbiology" 1st ed. (viii, 76 p. 28 cm.) published: New Yor, McGraw-Hill, 1952. CALL NUMBER: QR46.W75 Manual
504 ## - BIBLIOGRAPHY, ETC. NOTE
Bibliography, etc Includes bibliographies.
650 #0 - SUBJECT ADDED ENTRY--TOPICAL TERM
Topical term or geographic name as entry element Microorganisms.
9 (RLIN) 196506
942 ## - ADDED ENTRY ELEMENTS (KOHA)
Source of classification or shelving scheme Dewey Decimal Classification
Koha item type Books
Holdings
Lost status Source of classification or shelving scheme Damaged status Not for loan Collection code Permanent Location Current Location Shelving location Date acquired Total Checkouts Full call number Date last seen Copy number Koha item type
  Dewey Decimal Classification   Not For Loan Non-fiction Central Library, University of Rajshahi Central Library, University of Rajshahi Reading Room 15/03/2017   616.01 WIM 1950. 15/03/2017 C-1 Books